000
00252nam a2200109Ia 4500
008
190906s9999||||xx |||||||||||||| ||und||
100
_a
Terry Price
245
0
_a
Mastering Business Law
260
_a
Lodon
_b
Macmillan
_c
1995
300
_a
315
942
_c
BK
999
_c
5933
_d
5933